| 000 | 01151cam a2200205 4500 | ||
|---|---|---|---|
| 001 | WB3913-18 | ||
| 008 | 030402n2003 000 0 eng u | ||
| 035 | _a(Sirsi) u121867 | ||
| 245 | _aAgency underlines jobs records of rural incomers | ||
| 260 | _c2003 | ||
| 490 |
_aPlanning (for the Natural and Built Environment) _v28 March 2003, 2 |
||
| 490 |
_aCountryside Agency Press Release _v 25 March 2003 (4) |
||
| 520 | _aA report by the Countryside Agency has revealed the role immigrants from urban areas play in the rural economy and also the shift away from agriculture as the main business. "Rural economies - stepping stones to healthier futures", ref CA 137, is available priced £16, from Countryside Agency Publications, t +44 (0)870 120 6466, f +44 (0)870 120 6467 or via the Countryside Agency website http://www.countryside.gov.uk/publications.asp?PublicationID+614. See also WB3913- . Countryside Agency Press Release http://www.countryside.gov.uk/News/article.asp?NewsItemID=262 | ||
| 590 | _aWB | ||
| 650 | _aRURAL ECONOMY | ||
| 650 | _aRURAL BUSINESSES | ||
| 650 | _aRURAL COMMUNITIES | ||
| 690 |
_aRural _96268 |
||
| 942 | _n0 | ||
| 999 |
_c72422 _d72422 |
||